Alternative answers to Pain (Record no. 591905)

000 -LEADER
fixed length control field 00383nam a2200121 4500
082 ## - DEWEY DECIMAL CLASSIFICATION NUMBER
Classification number 616.0472,THO
100 ## - MAIN ENTRY--PERSONAL NAME
Personal name Richard Thomas
9 (RLIN) 100694
245 ## - TITLE STATEMENT
Title Alternative answers to Pain
260 ## - PUBLICATION, DISTRIBUTION, ETC.
Place of publication, distribution, etc. Singapore
Name of publisher, distributor, etc. Grange Books
Date of publication, distribution, etc. 2006
300 ## - PHYSICAL DESCRIPTION
Extent 176 p.
505 ## - FORMATTED CONTENTS NOTE
Formatted contents note Part 1: What is Pain (Page-10), Part 2: Approaches to Pain Relief (Page-22), Alleviating Pain (Page-88).
942 ## - ADDED ENTRY ELEMENTS (KOHA)
Source of classification or shelving scheme
Koha item type Book
Holdings
Withdrawn status Lost status Source of classification or shelving scheme Damaged status Not for loan Permanent Location Current Location Shelving location Date acquired Total Checkouts Full call number Barcode Date last seen Price effective from Koha item type Public note
          Military College of Signals (MCS) Military College of Signals (MCS) General Stacks 10/18/2022   616.0472,THO MCS37790 10/18/2022 10/18/2022 Book Almirah No.26, Shelf No.3
© 2023 Central Library, National University of Sciences and Technology. All Rights Reserved.